Market for tradable pollution permits

Českej republike sa ako jednej z mála rozvinutých krajín podarilo významnými investíciami výrazne znížiť úroveň produkovaného znečistenia. Tým, že sa EÚ prihlásila a ratifikovala Kjótsky protokol, nadobúda táto skutočnosť na význame. Praktickým výsledkom ratifikácie tejto dohody je vznik jednotného...

Descrizione completa

Salvato in:
Dettagli Bibliografici
Autore principale: Toušek, Zdeněk
Natura: Capitolo di libro
Lingua:inglese
Soggetti:
Tags: Aggiungi Tag
Nessun Tag, puoi essere il primo ad aggiungerne!!

MARC

LEADER 00000naa$a2200000$$$4500
001 0012309
005 20231113140109.9
041 0 |a eng 
044 |a CZ 
245 1 0 |a Market for tradable pollution permits  |c aut. Zdeněk Toušek 
520 |a Českej republike sa ako jednej z mála rozvinutých krajín podarilo významnými investíciami výrazne znížiť úroveň produkovaného znečistenia. Tým, že sa EÚ prihlásila a ratifikovala Kjótsky protokol, nadobúda táto skutočnosť na význame. Praktickým výsledkom ratifikácie tejto dohody je vznik jednotného európskeho trhu pre obchodovanie s emisiami, ktorý má byť plne funkčný od roku 2005. Pre maximálne využitie tohto trhového potenciálu je nutné porozumieť teoretickým princípom organizácie trhu obchodovateľných emisných poukážok pre homogénnu či heterogénnu formu znečistenia. 
610 2 0 |a znečistenie ovzdušia 
610 2 0 |a emisie 
610 2 0 |a Česko 
610 2 0 |a obchod 
610 2 0 |a poukážky 
610 2 0 |a trh spoločný 
100 1 |a Toušek, Zdeněk